[Event "Langley op"]
[Site "Langley CAN"]
[Date "2017.09.04"]
[Round "6.9"]
[White "Leblanc, Paul"]
[Black "Taylor, Tristan"]
[Result "1-0"]
[WhiteElo "1872"]
[BlackElo "1416"]
[WhiteFideId "-1"]
[WhiteFideId "-1"]
[PlyCount "93"]
[GameId "2160767908347124"]
[EventDate "2017.09.02"]
[EventType "swiss"]
[EventRounds "6"]
[EventCountry "CAN"]
[SourceTitle "EXT 2022"]
[Source "ChessBase"]
[SourceDate "2021.10.06"]
[SourceVersion "1"]
[SourceVersionDate "2021.10.06"]
[SourceQuality "1"]

1. d4 Nf6 2. c4 g6 3. Nf3 Bg7 4. Nc3 O-O 5. e4 d6 6. h3 e5 7. Be3 Nbd7 8. Qd2 a5 9. Be2 Qe7 10. d5 Ne8 11. g4 Nc5 12. O-O-O Bd7 13. Rdg1 c6 14. h4 b5 15. dxc6 Bxc6 16. Bxc5 b4 17. Nd5 Bxd5 18. Qxd5 Nf6 19. Qxd6 Qb7 20. Qb6 Qxe4 21. Bxf8 Qxe2 22. Bxg7 Qxc4+ 23. Kb1 Kxg7 24. Qb7 Re8 25. Rc1 Qxg4 26. Ng5 Rf8 27. Rc7 Qf5+ 28. Ka1 Ng4 29. Qe4 Qxe4 30. Nxe4 Ra8 31. Rd1 h6 32. Rdd7 Rf8 33. Nd6 Kf6 34. Ne4+ Kf5 35. f3 Kf4 36. Rxf7+ Rxf7 37. Rxf7+ Ke3 38. Kb1 Nh2 39. Nd6 Nxf3 40. Nc4+ Ke2 41. Nxe5 Nxh4 42. Rf6 h5 43. Nxg6 Nxg6 44. Rxg6 Kf3 45. Kc2 h4 46. Kb3 h3 47. Ka4 1-0

[Event "Langley op"]
[Site "Langley CAN"]
[Date "2017.09.04"]
[Round "6.10"]
[White "Gu, Stephanie"]
[Black "Chung, Alec"]
[Result "0-1"]
[WhiteElo "1287"]
[BlackElo "1833"]
[WhiteFideId "-1"]
[WhiteFideId "-1"]
[PlyCount "60"]
[GameId "2160767908347125"]
[EventDate "2017.09.02"]
[EventType "swiss"]
[EventRounds "6"]
[EventCountry "CAN"]
[SourceTitle "EXT 2022"]
[Source "ChessBase"]
[SourceDate "2021.10.06"]
[SourceVersion "1"]
[SourceVersionDate "2021.10.06"]
[SourceQuality "1"]

1. e4 c5 2. Nf3 d6 3. d4 cxd4 4. Nxd4 Nf6 5. Nc3 a6 6. Be3 e5 7. Nb3 Be6 8. f3 Be7 9. Qd2 h5 10. O-O-O Nbd7 11. Be2 Rc8 12. Kb1 b5 13. Rhe1 Nb6 14. a3 Qc7 15. Nc1 Nc4 16. Bxc4 Bxc4 17. N1a2 O-O 18. Nb4 a5 19. Nbd5 Nxd5 20. Nxd5 Bxd5 21. exd5 b4 22. a4 Qd7 23. b3 Rc3 24. Rc1 Rfc8 25. Qe2 Qf5 26. Qd2 Rxb3+ 27. Ka1 Ra3+ 28. Kb2 Bf6 29. Kb1 e4 30. Bd4 Qxd5 0-1

[Event "Laval op"]
[Site "Laval CAN"]
[Date "2017.06.23"]
[Round "1"]
[White "Jacquet, Stephane"]
[Black "Tanaka, Tyler"]
[Result "0-1"]
[WhiteElo "1996"]
[BlackElo "1765"]
[WhiteFideId "-1"]
[WhiteFideId "-1"]
[PlyCount "132"]
[GameId "2160767908410961"]
[EventDate "2017.06.23"]
[EventType "swiss"]
[EventRounds "5"]
[EventCountry "CAN"]
[SourceTitle "CBM 179 Extra"]
[Source "ChessBase"]
[SourceDate "2017.08.23"]
[SourceVersion "1"]
[SourceVersionDate "2017.08.23"]
[SourceQuality "1"]

1. d4 Nf6 2. c4 g6 3. Nc3 Bg7 4. e4 d6 5. Nf3 O-O 6. Be2 e5 7. O-O Nc6 8. d5 Ne7 9. Ne1 Nd7 10. Be3 f5 11. f3 f4 12. Bf2 g5 13. Rc1 Ng6 14. Nd3 Nf6 15. c5 Rf7 16. cxd6 cxd6 17. Nb5 g4 18. Qc2 g3 19. hxg3 fxg3 20. Bxg3 Nh5 21. Bh2 Bh6 22. Nc7 Rb8 23. Ne6 Qb6+ 24. Kh1 Bxc1 25. Qxc1 Bxe6 26. dxe6 Re7 27. f4 Nhxf4 28. Nxf4 exf4 29. Bxf4 Rf8 30. Bg5 Rc7 31. Rxf8+ Nxf8 32. Bc4 Qd4 33. b3 Rxc4 34. Qxc4 Qxc4 35. bxc4 Nxe6 36. Be7 Kf7 37. Bxd6 Ng5 38. Bb8 a6 39. e5 Ke6 40. Kh2 Nf7 41. Kg3 Nxe5 42. c5 Kf5 43. Kh4 Nd3 44. g4+ Kg6 45. Bd6 Nb4 46. a4 Nd3 47. Kg3 a5 48. Kf3 Nb2 49. Bc7 Nxa4 50. Bxa5 Nxc5 51. Bb6 Nd7 52. Be3 b5 53. Bd2 Nf6 54. Ba5 Nd5 55. Ke4 Ne7 56. Bd2 h6 57. Ke5 b4 58. Kd6 b3 59. Bc1 Ng8 60. Kc5 Nf6 61. Kb4 Nxg4 62. Kxb3 h5 63. Bf4 h4 64. Bb8 Kf5 65. Ba7 h3 66. Bg1 Ke4 0-1

[Event "Laval op"]
[Site "Laval CAN"]
[Date "2017.06.23"]
[Round "1"]
[White "Lopez Linares, Lizandro"]
[Black "Ouellet, Maili-Jade"]
[Result "1-0"]
[WhiteElo "2136"]
[BlackElo "1934"]
[WhiteFideId "-1"]
[WhiteFideId "-1"]
[PlyCount "121"]
[GameId "2160767908410962"]
[EventDate "2017.06.23"]
[EventType "swiss"]
[EventRounds "5"]
[EventCountry "CAN"]
[SourceTitle "CBM 179 Extra"]
[Source "ChessBase"]
[SourceDate "2017.08.23"]
[SourceVersion "1"]
[SourceVersionDate "2017.08.23"]
[SourceQuality "1"]

1. d4 d5 2. Nf3 Nf6 3. c4 e6 4. Nc3 Be7 5. Bf4 O-O 6. e3 Nbd7 7. Rc1 c5 8. cxd5 Nxd5 9. Bg3 cxd4 10. exd4 N7f6 11. Bd3 b6 12. O-O Bb7 13. Re1 Rc8 14. Bb1 Nxc3 15. bxc3 Ba3 16. Rc2 Be4 17. Bh4 Bxc2 18. Qxc2 g6 19. Qa4 Be7 20. c4 Qc7 21. Bd3 Rfd8 22. Bg5 Nh5 23. Be3 Bf6 24. h3 Nf4 25. Bf1 Bg7 26. Qa6 h6 27. Rc1 Qb8 28. g3 Nh5 29. Bg2 Kh7 30. Rb1 Qc7 31. Bf1 Rb8 32. a4 Bf6 33. Rb3 g5 34. Kg2 Rg8 35. Qb5 Qb7 36. d5 exd5 37. cxd5 Rbd8 38. Bd3+ Kh8 39. Be4 Rge8 40. Qd3 Qe7 41. Nd2 Bg7 42. Bf3 Nf6 43. Rb5 Nd7 44. Nc4 Ne5 45. Nxe5 Bxe5 46. a5 bxa5 47. Rxa5 Rd7 48. Qf5 Bg7 49. Ra6 Kg8 50. Rc6 Rdd8 51. Qc2 Qe5 52. Qc4 Rd7 53. Ra6 Red8 54. Ra5 Qe7 55. Bd1 Qe5 56. Bf3 Rc7 57. Qa2 Rdd7 58. Bxa7 Rb7 59. Bc5 Rb2 60. Ra8+ Kh7 61. Qxb2 1-0

[Event "Laval op"]
[Site "Laval CAN"]
[Date "2017.06.23"]
[Round "1"]
[White "Marin, Sam"]
[Black "Prahov, Valentin"]
[Result "1-0"]
[WhiteElo "1921"]
[BlackElo "2131"]
[WhiteFideId "-1"]
[WhiteFideId "-1"]
[PlyCount "77"]
[GameId "2160767908410963"]
[EventDate "2017.06.23"]
[EventType "swiss"]
[EventRounds "5"]
[EventCountry "CAN"]
[SourceTitle "CBM 179 Extra"]
[Source "ChessBase"]
[SourceDate "2017.08.23"]
[SourceVersion "1"]
[SourceVersionDate "2017.08.23"]
[SourceQuality "1"]

1. c4 f5 2. Nc3 Nf6 3. g3 g6 4. Bg2 Bg7 5. Nf3 O-O 6. d4 d6 7. O-O c6 8. b3 Qc7 9. Bb2 a5 10. Qc2 Na6 11. a3 Kh8 12. Rac1 Be6 13. Ng5 Bg8 14. e4 fxe4 15. Ngxe4 Rae8 16. Rfd1 Be6 17. Qe2 Bg4 18. f3 Bf5 19. Na4 Qc8 20. Qd2 Nxe4 21. fxe4 Bg4 22. Rf1 Qd8 23. Bc3 b6 24. Rf4 Rxf4 25. Qxf4 h5 26. d5 Kh7 27. Qf7 e5 28. Qb7 Nc5 29. Nxc5 dxc5 30. Qxc6 Bd7 31. Qb7 Bc8 32. Qb8 Re7 33. Bh3 Rc7 34. d6 Qxd6 35. Bxc8 Qd3 36. Qxc7 Qe3+ 37. Kg2 Qxc1 38. Bxe5 Qc2+ 39. Kh3 1-0

[Event "Laval op"]
[Site "Laval CAN"]
[Date "2017.06.23"]
[Round "1.5"]
[White "Bassel, Charaf"]
[Black "Morin, Louis"]
[Result "1-0"]
[WhiteElo "2127"]
[BlackElo "1886"]
[WhiteFideId "-1"]
[WhiteFideId "-1"]
[PlyCount "41"]
[GameId "2160767908410966"]
[EventDate "2017.06.23"]
[EventType "swiss"]
[EventRounds "5"]
[EventCountry "CAN"]

1. c4 d5 2. cxd5 c6 3. dxc6 Nxc6 4. Nf3 e5 5. d3 Bc5 6. e3 Nf6 7. Be2 O-O 8. O-O Qe7 9. a3 Rd8 10. Ne1 Bf5 11. b4 Bb6 12. Nd2 Rac8 13. Nc4 Bc7 14. b5 Na5 15. Nxa5 Bxa5 16. Bb2 Bxe1 17. Rxe1 Bxd3 18. Bxd3 e4 19. Bd4 exd3 20. Qxd3 Rc5 21. Bxc5 1-0

[Event "Laval op"]
[Site "Laval CAN"]
[Date "2017.06.23"]
[Round "1.6"]
[White "Abran, David"]
[Black "Broday, Gabriel Renan"]
[Result "1/2-1/2"]
[WhiteElo "1870"]
[BlackElo "2082"]
[WhiteFideId "-1"]
[WhiteFideId "-1"]
[PlyCount "86"]
[GameId "2160767908410967"]
[EventDate "2017.06.23"]
[EventType "swiss"]
[EventRounds "5"]
[EventCountry "CAN"]

1. d4 d5 2. c4 c6 3. Nc3 Nf6 4. Nf3 e6 5. Bg5 Nbd7 6. e3 Be7 7. Bd3 dxc4 8. Bxc4 b5 9. Bd3 Bb7 10. O-O a6 11. e4 b4 12. e5 bxc3 13. exf6 Nxf6 14. bxc3 c5 15. Qa4+ Kf8 16. Ne5 h6 17. Bh4 cxd4 18. cxd4 Qd5 19. f3 Rd8 20. Bxf6 Bxf6 21. Be4 Qxd4+ 22. Qxd4 Rxd4 23. Ng6+ fxg6 24. Bxb7 Ra4 25. Rac1 Bd4+ 26. Kh1 Kf7 27. Rfd1 Rd8 28. Rc2 Bb6 29. Rb1 Rd6 30. g3 a5 31. Rc6 Rxc6 32. Bxc6 Rb4 33. Rxb4 axb4 34. Kg2 Ke7 35. h4 Kd6 36. Be4 g5 37. hxg5 hxg5 38. Kh3 Ke5 39. Kg4 Be3 40. Kh5 Kd4 41. Bc2 Kc3 42. Bb3 e5 43. g4 Kd3 1/2-1/2

[Event "Laval op"]
[Site "Laval CAN"]
[Date "2017.06.23"]
[Round "1.7"]
[White "Libersan, Thierry"]
[Black "Langlois-Remillard, Alexis"]
[Result "1-0"]
[WhiteElo "2082"]
[BlackElo "1868"]
[WhiteFideId "-1"]
[WhiteFideId "-1"]
[PlyCount "73"]
[GameId "2160767908410968"]
[EventDate "2017.06.23"]
[EventType "swiss"]
[EventRounds "5"]
[EventCountry "CAN"]

1. d4 d5 2. Bf4 Nf6 3. e3 e6 4. Nd2 c5 5. c3 Nc6 6. Ngf3 Be7 7. h3 O-O 8. Bd3 Re8 9. O-O b6 10. Bh2 Bf8 11. Ne5 Nxe5 12. dxe5 Nd7 13. Qe2 Bb7 14. Rad1 g6 15. Bb5 Re7 16. Bg3 a6 17. Bxd7 Rxd7 18. Nf3 Be7 19. Rd2 Bc6 20. Rfd1 Bb5 21. Qe1 Qc7 22. Nh2 h5 23. f4 a5 24. Bh4 Qd8 25. Bxe7 Qxe7 26. g4 f5 27. gxh5 Qh7 28. hxg6 Rg7 29. Rg2 Rxg6 30. Rdd2 Kf7 31. Rxg6 Qxg6+ 32. Rg2 Qh5 33. Rg3 d4 34. exd4 Rd8 35. Nf3 Bc6 36. Qe2 cxd4 37. Ng5+ 1-0

[Event "Laval op"]
[Site "Laval CAN"]
[Date "2017.06.23"]
[Round "1.8"]
[White "Gauthier, Denis"]
[Black "Larochelle, Martial"]
[Result "0-1"]
[WhiteElo "1862"]
[BlackElo "2069"]
[WhiteFideId "-1"]
[WhiteFideId "-1"]
[PlyCount "50"]
[GameId "2160767908410969"]
[EventDate "2017.06.23"]
[EventType "swiss"]
[EventRounds "5"]
[EventCountry "CAN"]

1. d4 Nf6 2. c4 e6 3. Nf3 d5 4. g3 Bb4+ 5. Bd2 Be7 6. Bg2 O-O 7. O-O Nbd7 8. b3 c5 9. e3 cxd4 10. exd4 b6 11. Nc3 Ba6 12. Re1 dxc4 13. Ne5 Nxe5 14. dxe5 Nd5 15. Nxd5 exd5 16. Bc3 Rc8 17. b4 d4 18. Bxd4 Bxb4 19. Re3 c3 20. Qg4 Rc4 21. Re4 c2 22. Bb2 Qc7 23. Qg5 Bc3 24. Rxc4 Qxc4 25. Bf1 Qd4 0-1

[Event "Laval op"]
[Site "Laval CAN"]
[Date "2017.06.23"]
[Round "1.9"]
[White "Trinh, Tri Bao"]
[Black "Vignalou, Joseph"]
[Result "1/2-1/2"]
[WhiteElo "2047"]
[BlackElo "1861"]
[WhiteFideId "-1"]
[WhiteFideId "-1"]
[PlyCount "97"]
[GameId "2160767908410970"]
[EventDate "2017.06.23"]
[EventType "swiss"]
[EventRounds "5"]
[EventCountry "CAN"]

1. c4 Nf6 2. Nf3 g6 3. g3 Bg7 4. Bg2 O-O 5. O-O d6 6. d4 Nbd7 7. Nc3 c6 8. b3 Qa5 9. Bb2 Qh5 10. h3 e5 11. g4 Nxg4 12. hxg4 Qxg4 13. dxe5 dxe5 14. e4 f5 15. Nh2 Qh4 16. Ba3 Rf7 17. Qd3 f4 18. Rad1 Bf6 19. Qh3 Nf8 20. Qxh4 Bxh4 21. Bd6 Bf6 22. Nf3 Bg4 23. Rd3 Bxf3 24. Bxf3 Ne6 25. Rfd1 h5 26. Ba3 Nd4 27. Kg2 Rh7 28. Ne2 g5 29. Nxd4 exd4 30. Be2 g4 31. f3 Rg7 32. Bc5 Rd8 33. Bxd4 gxf3+ 34. Kxf3 Rg3+ 35. Kxf4 Rxd3 36. Rg1+ Kf7 37. Bxh5+ Ke6 38. Bg4+ Kf7 39. Bxa7 Bd4 40. Bh5+ Kf8 41. Bxd4 R3xd4 42. Kf5 Rd2 43. e5 Rxa2 44. Ke6 Rf2 45. Bg6 Rdd2 46. Ra1 Ra2 47. Rd1 Rad2 48. Ra1 Ra2 49. Rd1 1/2-1/2

[Event "Laval op"]
[Site "Laval CAN"]
[Date "2017.06.23"]
[Round "1.10"]
[White "Mok, Yuen Tak"]
[Black "Huang, Qiuyu"]
[Result "0-1"]
[WhiteElo "1827"]
[BlackElo "2034"]
[WhiteFideId "-1"]
[WhiteFideId "-1"]
[PlyCount "50"]
[GameId "2160767908410971"]
[EventDate "2017.06.23"]
[EventType "swiss"]
[EventRounds "5"]
[EventCountry "CAN"]

1. e4 c5 2. c3 d5 3. exd5 Qxd5 4. d4 Nc6 5. Nf3 Bg4 6. dxc5 Qxd1+ 7. Kxd1 e6 8. Be3 Nf6 9. b4 g6 10. Bb5 Bg7 11. Bxc6+ bxc6 12. Bd4 a5 13. Nbd2 axb4 14. cxb4 O-O-O 15. Kc2 Rd5 16. Bc3 Bf5+ 17. Kb2 Rd3 18. Rac1 Rhd8 19. Rhe1 Rxc3 20. Rxc3 Nd5 21. Rec1 Nxc3 22. Rxc3 Rd3 23. Nb1 Rxf3 24. gxf3 Bxb1 25. Kxb1 Bxc3 0-1

[Event "Laval op"]
[Site "Laval CAN"]
[Date "2017.06.23"]
[Round "1.11"]
[White "Sprumont, Oscar"]
[Black "Goldner, John"]
[Result "1-0"]
[WhiteElo "2034"]
[BlackElo "1824"]
[WhiteFideId "-1"]
[WhiteFideId "-1"]
[PlyCount "87"]
[GameId "2160767908410972"]
[EventDate "2017.06.23"]
[EventType "swiss"]
[EventRounds "5"]
[EventCountry "CAN"]

1. Nf3 d5 2. c4 c6 3. cxd5 cxd5 4. d4 Nf6 5. Nc3 e6 6. Bf4 Bd6 7. Bg3 Nc6 8. e3 O-O 9. Rc1 Re8 10. Bd3 e5 11. dxe5 Nxe5 12. Nxe5 Bxe5 13. Be2 Qa5 14. O-O Bxg3 15. hxg3 Bd7 16. Qd4 Bc6 17. Rfd1 a6 18. Bf3 Rad8 19. b4 Qa3 20. Rb1 Ba4 21. Rd2 Rc8 22. Nxa4 Qxa4 23. Bxd5 Nxd5 24. Qxd5 Rc2 25. Rbd1 Rxd2 26. Qxd2 b5 27. Rc1 h6 28. Rc7 Qa3 29. Kf1 Rf8 30. Ke2 Qa4 31. Rd7 Qa3 32. Rd8 Rxd8 33. Qxd8+ Kh7 34. Qd3+ Qxd3+ 35. Kxd3 Kg6 36. Kd4 Kf6 37. Kc5 Ke5 38. f3 f5 39. Kb6 Kd5 40. Kxa6 Kc4 41. a3 g6 42. e4 h5 43. e5 Kd5 44. f4 1-0

[Event "Laval op"]
[Site "Laval CAN"]
[Date "2017.06.23"]
[Round "1.12"]
[White "Johnson-Constantin, Mathieu"]
[Black "Saha, Ananda"]
[Result "0-1"]
[WhiteElo "1774"]
[BlackElo "2013"]
[WhiteFideId "-1"]
[WhiteFideId "-1"]
[PlyCount "108"]
[GameId "2160767908410973"]
[EventDate "2017.06.23"]
[EventType "swiss"]
[EventRounds "5"]
[EventCountry "CAN"]

1. e4 c5 2. Nc3 e6 3. g3 Nc6 4. Bg2 d6 5. Nge2 Nge7 6. O-O g6 7. d4 cxd4 8. Nxd4 a6 9. Be3 Bg7 10. Qd2 Ne5 11. Qe2 Qc7 12. Rad1 O-O 13. Kh1 b5 14. f4 Nc4 15. Bc1 Bb7 16. f5 exf5 17. exf5 Bxd4 18. Rxd4 Nxf5 19. Rxf5 Rae8 20. Ne4 Bxe4 21. Rxe4 Rxe4 22. Qxe4 gxf5 23. Qxf5 Qc5 24. Bd5 Qd4 25. Bh6 Ne3 26. Qg5+ Kh8 27. Bf3 Re8 28. c3 Qe5 29. Qxe5+ Rxe5 30. Bf4 Re6 31. Kg1 Nc4 32. b3 Ne5 33. Bd5 Re7 34. Kf1 Kg7 35. h3 Rc7 36. Bd2 f5 37. Ke2 Kf6 38. Ke3 Re7 39. Kd4 Rc7 40. h4 Kg6 41. Bg5 Kh5 42. Bd8 Rd7 43. Bf6 Kg4 44. Be6 Kxg3 45. Bxd7 Nxd7 46. Be7 Nb6 47. h5 Nc8 48. Bf6 f4 49. Kd5 f3 50. Bd4 f2 51. Bxf2+ Kxf2 52. Ke6 Ke3 53. Kf7 Kf4 54. Kg7 Kg5 0-1

[Event "Laval op"]
[Site "Laval CAN"]
[Date "2017.06.23"]
[Round "1.14"]
[White "Zhang, Hou Han"]
[Black "Leger, Manon"]
[Result "1/2-1/2"]
[WhiteElo "1752"]
[BlackElo "1988"]
[WhiteFideId "-1"]
[WhiteFideId "-1"]
[PlyCount "135"]
[GameId "2160767908410974"]
[EventDate "2017.06.23"]
[EventType "swiss"]
[EventRounds "5"]
[EventCountry "CAN"]

1. Nf3 d5 2. g3 Nf6 3. c4 e6 4. Bg2 c6 5. cxd5 exd5 6. O-O Bd6 7. d4 Nbd7 8. Nc3 O-O 9. Bg5 Qc7 10. Rc1 a6 11. e4 dxe4 12. Nd2 Qa5 13. Ncxe4 Be7 14. Nc4 Qd8 15. Re1 Nxe4 16. Bxe7 Qxe7 17. Bxe4 Qd8 18. d5 Nf6 19. dxc6 Nxe4 20. Qxd8 Rxd8 21. Rxe4 bxc6 22. Nb6 Rb8 23. Nxc8 Rdxc8 24. Rec4 Rb6 25. b4 Kf8 26. a4 Ke7 27. a5 Rb7 28. Rxc6 Rxc6 29. Rxc6 Rxb4 30. Rxa6 Ra4 31. Ra8 Ra2 32. a6 h5 33. h4 g6 34. Kg2 Ra3 35. a7 Kf6 36. Kf1 Ra2 37. Ke1 Kf5 38. f3 Ra3 39. g4+ Kf6 40. gxh5 gxh5 41. Rh8 Rxa7 42. Rxh5 Kg6 43. Rg5+ Kh6 44. Kf2 f6 45. Rg4 Kh5 46. Kg3 Ra5 47. Rg8 Kh6 48. Kf4 Kh7 49. Rg4 Kh6 50. Rg1 Rh5 51. Kg4 Kg6 52. Ra1 Rb5 53. Ra6 Rc5 54. Ra8 Rc4+ 55. f4 f5+ 56. Kf3 Rc3+ 57. Ke2 Kh5 58. Rg8 Kxh4 59. Kf2 Ra3 60. Rg5 Ra2+ 61. Ke3 Ra3+ 62. Kd4 Ra4+ 63. Ke5 Ra5+ 64. Kf6 Ra6+ 65. Kxf5 Ra5+ 66. Kg6 Ra6+ 67. Kh7 Rf6 68. Rg1 1/2-1/2

[Event "Laval op"]
[Site "Laval CAN"]
[Date "2017.06.23"]
[Round "1.15"]
[White "Nikulich, Oleksandr"]
[Black "Zheng, Richard"]
[Result "0-1"]
[WhiteElo "1988"]
[BlackElo "1722"]
[WhiteFideId "-1"]
[WhiteFideId "-1"]
[PlyCount "88"]
[GameId "2160767908410975"]
[EventDate "2017.06.23"]
[EventType "swiss"]
[EventRounds "5"]
[EventCountry "CAN"]

1. Nf3 d5 2. c4 e6 3. b3 Bd6 4. Bb2 Nf6 5. g3 c6 6. Bg2 Nbd7 7. O-O O-O 8. d4 Ne4 9. Nbd2 f5 10. Ne1 Qg5 11. Ndf3 Qh5 12. Nd3 h6 13. Nfe5 Bxe5 14. Nxe5 Nxe5 15. dxe5 b6 16. Qc2 Ba6 17. Rfd1 Rac8 18. Rac1 Rfd8 19. Bf3 Qf7 20. a4 b5 21. cxb5 cxb5 22. Qd3 Qb7 23. Qd4 bxa4 24. bxa4 Rc4 25. Rxc4 Bxc4 26. g4 g6 27. gxf5 gxf5 28. Kh1 Qb6 29. Qxb6 axb6 30. Bd4 Ra8 31. Ra1 b5 32. Rg1+ Kh7 33. axb5 Bxb5 34. Bh5 Ra4 35. Bb6 Ra6 36. Bd4 Ra4 37. Bb6 d4 38. Kg2 Nc3 39. Re1 Nd5 40. Rb1 Nf4+ 41. Kf3 Bxe2+ 42. Kxf4 d3+ 43. Ke3 f4+ 44. Kd2 Ra2+ 0-1

[Event "Laval op"]
[Site "Laval CAN"]
[Date "2017.06.23"]
[Round "1.16"]
[White "Nica, Ion"]
[Black "Turcotte, Jonathan"]
[Result "0-1"]
[WhiteElo "1679"]
[BlackElo "1985"]
[WhiteFideId "-1"]
[WhiteFideId "-1"]
[PlyCount "110"]
[GameId "2160767908410976"]
[EventDate "2017.06.23"]
[EventType "swiss"]
[EventRounds "5"]
[EventCountry "CAN"]

1. b3 d5 2. Bb2 Bf5 3. e3 e6 4. Ne2 Nf6 5. Ng3 Bg6 6. Be2 Be7 7. d3 c5 8. Nd2 h5 9. h4 Nc6 10. Nf3 Qc7 11. Qd2 Bd6 12. Rh3 O-O-O 13. Ng5 d4 14. e4 Ng4 15. Nf1 Bf4 16. Qd1 Qa5+ 17. Nd2 Nxf2 18. Kxf2 Bxd2 19. Nf3 Be3+ 20. Kf1 Qc7 21. Bc1 Qf4 22. Bxe3 dxe3 23. Qe1 b6 24. Kg1 Nd4 25. Rc1 f5 26. e5 Nxf3+ 27. Rxf3 Qxe5 28. Qg3 Qxg3 29. Rxg3 Rh6 30. Rxe3 Re8 31. Re5 Kc7 32. Bf3 Kd6 33. Rce1 Bf7 34. Bb7 g5 35. hxg5 Rg6 36. a3 Rxg5 37. b4 cxb4 38. axb4 Reg8 39. c4 h4 40. d4 h3 41. c5+ Kc7 42. Bf3 Rg3 43. R5e3 f4 44. Ra3 a5 45. cxb6+ Kxb6 46. bxa5+ Ka7 47. d5 Bh5 48. Rf1 hxg2 49. Rf2 e5 50. Rc3 e4 51. Rc4 Kb8 52. d6 Rxf3 53. Rb2+ Ka8 54. Rb1 Rh3 55. Kf2 e3+ 0-1

[Event "Laval op"]
[Site "Laval CAN"]
[Date "2017.06.23"]
[Round "1.17"]
[White "Forget, Luc"]
[Black "Guipi Bopala, Prince Eric jr"]
[Result "0-1"]
[WhiteElo "1963"]
[BlackElo "1616"]
[WhiteFideId "-1"]
[WhiteFideId "-1"]
[PlyCount "76"]
[GameId "2160767908410977"]
[EventDate "2017.06.23"]
[EventType "swiss"]
[EventRounds "5"]
[EventCountry "CAN"]

1. d4 f5 2. c4 e6 3. g3 Nf6 4. Bg2 d5 5. Nf3 c6 6. O-O Bd6 7. b3 Qe7 8. Bb2 O-O 9. Nbd2 Ne4 10. Ne5 b6 11. Qc2 Bb7 12. Rad1 Na6 13. f3 Nb4 14. Qb1 Nxd2 15. Rxd2 a5 16. f4 Rad8 17. e3 c5 18. Rfd1 Bxe5 19. dxe5 Qf7 20. a3 Na6 21. cxd5 exd5 22. e4 fxe4 23. Bxe4 g6 24. Bg2 d4 25. Qd3 Bxg2 26. Kxg2 Qd5+ 27. Qf3 Nc7 28. b4 axb4 29. axb4 Nb5 30. bxc5 bxc5 31. Qxd5+ Rxd5 32. Rc1 Rc8 33. Rc4 Kf7 34. Rd1 Ra8 35. Ra1 Rxa1 36. Bxa1 d3 37. Rc1 d2 38. Rd1 c4 0-1

[Event "Laval op"]
[Site "Laval CAN"]
[Date "2017.06.23"]
[Round "1.18"]
[White "Champetier, Serge"]
[Black "Zhong, Kevin"]
[Result "1-0"]
[WhiteElo "1983"]
[BlackElo "1576"]
[WhiteFideId "-1"]
[WhiteFideId "-1"]
[PlyCount "111"]
[GameId "2160767908410978"]
[EventDate "2017.06.23"]
[EventType "swiss"]
[EventRounds "5"]
[EventCountry "CAN"]

1. e4 c5 2. Nc3 Nc6 3. f4 g6 4. Nf3 Bg7 5. Bb5 Nd4 6. Bd3 d6 7. Nxd4 cxd4 8. Ne2 a6 9. O-O Nf6 10. Qe1 O-O 11. Kh1 e5 12. fxe5 dxe5 13. b3 b5 14. a4 Bb7 15. Ba3 Re8 16. Ng1 bxa4 17. bxa4 Bc6 18. a5 Qd7 19. Qh4 Qg4 20. Qxg4 Nxg4 21. Bc4 Nf6 22. d3 Bb5 23. Bb3 Rac8 24. Rf3 Rc6 25. Raf1 Rec8 26. Be7 Ng4 27. Rxf7 Kh8 28. Bg5 h6 29. Bd2 R8c7 30. Rxc7 Rxc7 31. h3 Nf6 32. Rf2 Kh7 33. Nf3 Nd7 34. Bb4 Nc5 35. Bd5 Rc8 36. Nd2 Na4 37. Nc4 Rb8 38. Bd6 Re8 39. Rf7 Kh8 40. Na3 Nc3 41. Bb3 Bc6 42. Rc7 Ba8 43. Bc4 Bf8 44. Bxf8 Rxf8 45. Bxa6 Ne2 46. Bc4 Ng3+ 47. Kh2 Nf1+ 48. Kg1 Ng3 49. Rf7 Rxf7 50. Bxf7 Kg7 51. Be8 Ne2+ 52. Kf2 Nc3 53. Ke1 Kf6 54. a6 Kg5 55. Nb5 Nxb5 56. Bxb5 1-0

[Event "Laval op"]
[Site "Laval CAN"]
[Date "2017.06.24"]
[Round "2"]
[White "Tanaka, Tyler"]
[Black "Bassel, Charaf"]
[Result "1/2-1/2"]
[WhiteElo "1765"]
[BlackElo "2127"]
[WhiteFideId "-1"]
[WhiteFideId "-1"]
[PlyCount "66"]
[GameId "2160767908410979"]
[EventDate "2017.06.23"]
[EventType "swiss"]
[EventRounds "5"]
[EventCountry "CAN"]
[SourceTitle "CBM 179 Extra"]
[Source "ChessBase"]
[SourceDate "2017.08.23"]
[SourceVersion "1"]
[SourceVersionDate "2017.08.23"]
[SourceQuality "1"]

1. e4 Nc6 2. Nf3 d6 3. d4 Nf6 4. Nc3 Bg4 5. Be2 e5 6. d5 Bxf3 7. Bxf3 Nd4 8. Be3 Nxf3+ 9. Qxf3 Qd7 10. O-O Qg4 11. Qxg4 Nxg4 12. Bd2 g6 13. h3 Bh6 14. Bxh6 Nxh6 15. f4 f6 16. fxe5 fxe5 17. Rf3 a6 18. Raf1 Ke7 19. g4 Rhf8 20. Kg2 Rxf3 21. Rxf3 Nf7 22. h4 Rf8 23. Kg3 h6 24. Nd1 Nd8 25. Rxf8 Kxf8 26. Kf3 Ke7 27. Ke3 h5 28. g5 c5 29. b3 Kd7 30. Kd3 b5 31. c3 Nb7 32. b4 a5 33. a3 c4+ 1/2-1/2

[Event "Laval op"]
[Site "Laval CAN"]
[Date "2017.06.24"]
[Round "2"]
[White "Turcotte, Jonathan"]
[Black "Lopez Linares, Lizandro"]
[Result "0-1"]
[WhiteElo "1985"]
[BlackElo "2136"]
[WhiteFideId "-1"]
[WhiteFideId "-1"]
[PlyCount "80"]
[GameId "2160767908410980"]
[EventDate "2017.06.23"]
[EventType "swiss"]
[EventRounds "5"]
[EventCountry "CAN"]
[SourceTitle "CBM 179 Extra"]
[Source "ChessBase"]
[SourceDate "2017.08.23"]
[SourceVersion "1"]
[SourceVersionDate "2017.08.23"]
[SourceQuality "1"]

1. d4 d5 2. c4 c6 3. Nf3 Nf6 4. Nc3 dxc4 5. a4 Bf5 6. e3 e6 7. Bxc4 Bb4 8. O-O O-O 9. Qe2 Bg4 10. h3 Bh5 11. Rd1 Nbd7 12. e4 Re8 13. Bf4 Qa5 14. g4 Bg6 15. Bd3 Rad8 16. Na2 c5 17. Nxb4 Qxb4 18. Bd2 Qb6 19. a5 Qc6 20. Re1 c4 21. Bc2 b5 22. axb6 axb6 23. Nh4 Nf8 24. Bc3 b5 25. Nxg6 Nxg6 26. Qe3 Rb8 27. f4 Qc7 28. Bd2 b4 29. Ba4 Re7 30. Qf3 Qb7 31. f5 exf5 32. gxf5 Nxe4 33. Bxb4 Nh4 34. Qf4 Ng5 35. Bc6 Nxh3+ 36. Kh2 Nxf4 37. Bxb7 Rexb7 38. Bd6 Nf3+ 39. Kg3 Nxe1 40. Bxb8 Rxb8 0-1

[Event "Laval op"]
[Site "Laval CAN"]
[Date "2017.06.24"]
[Round "2.4"]
[White "Zheng, Richard"]
[Black "Libersan, Thierry"]
[Result "1-0"]
[WhiteElo "1722"]
[BlackElo "2082"]
[WhiteFideId "-1"]
[WhiteFideId "-1"]
[PlyCount "69"]
[GameId "2160767908410982"]
[EventDate "2017.06.23"]
[EventType "swiss"]
[EventRounds "5"]
[EventCountry "CAN"]

1. d4 d5 2. c4 e5 3. dxe5 d4 4. Nf3 Nc6 5. Bg5 f6 6. exf6 gxf6 7. Bf4 Bg4 8. h3 Bh5 9. a3 Qe7 10. g4 Bf7 11. Nbd2 h5 12. g5 O-O-O 13. Bg2 Bg7 14. g6 Bxg6 15. Nh4 Be8 16. Nf5 Qf7 17. Rg1 Bf8 18. b4 Nge7 19. Nxe7+ Qxe7 20. Nb3 Qe6 21. b5 Ne5 22. Bxe5 Qxe5 23. Na5 c6 24. Qd3 Rg8 25. O-O-O Bg6 26. e4 Bc5 27. bxc6 b6 28. Nb7 Rde8 29. Nxc5 Qxc5 30. Kb2 Rd8 31. Bf3 Qxc6 32. Rxg6 Rxg6 33. e5 fxe5 34. Bxc6 Rxc6 35. Qf5+ 1-0